Statistiques concernant Alphabets : Les Hiraganas

Cliquez ici pour prendre le quiz!

Statistiques générales

  • Ce quiz a été pris 105 fois
  • Le résultat moyen est 54 sur 71

Statistiques - réponses

HiraganaRōmaji% Correct
o
92%
su
92%
hi
91%
mi
91%
ga
89%
n
89%
na
89%
no
89%
e
87%
ka
87%
mo
87%
ra
87%
a
85%
fu
85%
i
85%
ku
85%
ma
85%
ro
85%
u
85%
de
83%
ha
83%
me
83%
shi
83%
yo
83%
chi
81%
ko
81%
ne
81%
ru
81%
ta
81%
to
81%
he
79%
ke
79%
mu
79%
sa
79%
tsu
79%
go
77%
ki
77%
re
77%
se
77%
do
75%
ho
75%
pe
75%
so
75%
te
75%
wa
75%
yu
75%
ni
74%
ri
74%
wo
74%
ya
74%
pi
72%
pu
72%
gu
70%
be
68%
bo
68%
da
68%
ji
68%
pa
68%
po
68%
za
68%
ze
68%
gi
66%
nu
66%
zu
66%
ba
64%
bi
64%
zo
64%
bu
60%
ge
60%
dzu
40%
dji
38%

Distribution des résultats

Percentile par nombre de réponses

% des personnes avec chaque résultat

Votre développement - résultats

Vous n’avez pas pris ce quiz